| 000 | 00951nam a2200265 i 4500 | ||
|---|---|---|---|
| 999 |
_c200443536 _d61748 |
||
| 003 | TR-AnTOB | ||
| 005 | 20220414140656.0 | ||
| 007 | ta | ||
| 008 | 210915s2001 tu 00| 0 eng d | ||
| 040 |
_aTR-AnTOB _beng _erda _cTR-AnTOB |
||
| 041 | 0 | _aeng | |
| 050 |
_aHD2346.I74 _bS53 2001 |
||
| 090 |
_aHD2346.I74 _bS53 2001 |
||
| 245 | 0 | 0 |
_aSmall and medium sized enterprises / _cStatistical, Economic and Social Research and Training Centre for Islamic Countries, Organisation of the Islamic Conference. |
| 264 | 1 |
_aAnkara: _bSESRCIC, _c2001. |
|
| 300 |
_a53 pages ; _c18 cm |
||
| 336 |
_2rdacontent _atext _btxt |
||
| 337 |
_2rdamedia _aunmediated _bn |
||
| 338 |
_2rdacarrier _avolume _bnc |
||
| 653 | _aSmall business--Islamic countries--Statistics | ||
| 710 | 2 |
_aStatistical, Economic, and Social Research and Training Centre for Islamic Countries _9130289 |
|
| 942 |
_2lcc _cBK |
||